000 00391pab a2200133 454500
008 180718b2001 xxu||||| |||| 00| 0 eng d
100 _aMatthews, Mary M.
245 _aCleaning up their acts: shifts of environment and energy politics in pluralist and corporatist state
260 _c2001
300 _ap.478-98
650 _aPollution
773 _aPolicy Studies Journal
909 _a51643
999 _c51643
_d51643